000
00285nam a22001337a 4500
008
170213b xxu||||| |||| 00| 0 eng d
020
_a
9780321491077
041
_a
eng
080
_2
10ED
_a
61
100
_a
4
101
_a
SHM
245
_a
ACCES HEALTH
_c
DONATELLE.J
942
_2
udc
_c
BK
999
_c
5321
_d
5321